000 00620nam a22002417a 4500
003 UA-OsUOA
001 94487
007 ta
008 20130212b un ||||| |||| 00| 0 ukr d
100 _aДангулов С.
090 _a821.161.1
_bД17
942 _cBK
040 _aUA-OsUOA
_bukr
_cUA-OsUOA
_dUA-OsUOA
245 _aКузнецький міст
_bроман
300 _a497 с.
955 _a3
041 _aukr
080 _a821.161.1
260 _aК.
_bДніпро
_c1976
246 3 1 _aКн. 1
_n
650 7 _a82 Література. Літературознавство
_2UDC
999 _c380733
_d380733